|
|
|
|
| LEADER |
02102nam a2200457 i 4500 |
| 001 |
EBC3110569 |
| 003 |
MiAaPQ |
| 005 |
20200520144314.0 |
| 006 |
m o d | |
| 007 |
cr cnu|||||||| |
| 008 |
150114t20142014enka o 000 0 eng d |
| 020 |
|
|
|z 9781618113504
|
| 020 |
|
|
|z 9781618113696
|
| 020 |
|
|
|a 9781618113610
|q (electronic bk.)
|
| 035 |
|
|
|a (MiAaPQ)EBC3110569
|
| 035 |
|
|
|a (Au-PeEL)EBL3110569
|
| 035 |
|
|
|a (CaPaEBR)ebr11001427
|
| 035 |
|
|
|a (CaONFJC)MIL681279
|
| 035 |
|
|
|a (OCoLC)900888813
|
| 040 |
|
|
|a MiAaPQ
|b eng
|e rda
|e pn
|c MiAaPQ
|d MiAaPQ
|
| 043 |
|
|
|a e-ur---
|
| 050 |
|
4 |
|a PG3015.5.S9
|b .L586 2014
|
| 082 |
0 |
|
|a 891.70915
|2 23
|
| 100 |
1 |
|
|a Ljunggren, Magnus,
|e author.
|
| 245 |
1 |
0 |
|a Poetry and psychiatry :
|b essays on early twentieth-century Russian symbolist culture /
|c Magnus Ljunggren ; translated by Charles Rougle.
|
| 264 |
|
1 |
|a Brighton, England :
|b Academic Studies Press,
|c 2014.
|
| 264 |
|
4 |
|c 2014
|
| 300 |
|
|
|a 1 online resource (156 pages) :
|b illustrations.
|
| 336 |
|
|
|a text
|2 rdacontent
|
| 337 |
|
|
|a computer
|2 rdamedia
|
| 338 |
|
|
|a online resource
|2 rdacarrier
|
| 490 |
1 |
|
|a Studies in Russian and Slavic Literatures, Cultures, and History
|
| 588 |
|
|
|a Description based on online resource; title from PDF title page (ebrary, viewed January 14, 2015).
|
| 590 |
|
|
|a Electronic reproduction. Ann Arbor, MI : ProQuest, 2015. Available via World Wide Web. Access may be limited to ProQuest affiliated libraries.
|
| 650 |
|
0 |
|a Symbolism (Literary movement)
|z Russia
|x History.
|
| 655 |
|
4 |
|a Electronic books.
|
| 700 |
1 |
|
|a Rougle, Charles,
|e translator.
|
| 776 |
0 |
8 |
|i Print version:
|a Ljunggren, Magnus.
|t Poetry and psychiatry : essays on early twentieth-century Russian symbolist culture.
|d Brighton, England : Academic Studies Press, c2014
|h 151 pages
|k Studies in Russian and Slavic literatures, cultures and history.
|z 9781618113504
|
| 797 |
2 |
|
|a ProQuest (Firm)
|
| 830 |
|
0 |
|a Studies in Russian and Slavic literatures, cultures and history.
|
| 856 |
4 |
0 |
|u https://ebookcentral.proquest.com/lib/matrademy/detail.action?docID=3110569
|z Click to View
|